| 000 | 01144nam a22002897a 4500 | ||
|---|---|---|---|
| 005 | 20180209140855.0 | ||
| 008 | 131126b xxu||||| |||| 00| 0pun d | ||
| 010 | _aPUN- B-577811-814 B-669885 | ||
| 020 |
_c200.00 _a9789351132417 |
||
| 035 | _aPN- B-577811-814 | ||
| 035 | _aB-669885 | ||
| 037 | _bDBAD / PUB | ||
| 037 | _bUnistar Books | ||
| 037 | _bBPPD/KKP | ||
| 040 |
_adpl _bpn |
||
| 082 | _a921 | ||
| 100 | _aਵੋਲਰੋਵ,ਗੈਨਰਿਥ਼ | ||
| 245 |
_aਕਾਰਲ ਮਾਰਕਸ ਜੀਵਨ,ਸਖਸੀਅਤ ਅਤੇ ਵਿਚਾਰ / _cਗੈਨਰਿਥ਼ ਵੋਲਰੋਵ |
||
| 246 |
_aKarl Marx, Jeewan,Shakhsiyat ate vichar _bby Volkov G. |
||
| 260 |
_aChandigarh _bUnistar Books _c2013 |
||
| 270 |
_bChandigarh _asco-26,27, Sector-34A _k0172-5077427 |
||
| 300 | 4 |
_a243p. _c22ਸੇਂਮੀ (ਅਜਿਲੱਦ) |
|
| 942 |
_2ddc _cPN _h921 _mਵੋਲਰੋ |
||
| 999 |
_c88951 _d88951 |
||